000 00452nam a2200181Ia 4500
008 170705s9999 xx 000 0 und d
020 _a9780545253109
245 _aMarch mischief /
245 _cRon Roy ; illustrated by John Steven Gurney.
260 _aNew York :
260 _bScholastic,
260 _c2010
300 _a66 pages :
300 _bcolor illustration ;
300 _c19cm.
440 _aCalendar mysteries.
500 _a410
999 _c335851
_d335851